[Event "Oberliga Baden 2122"]
[Site "Germany"]
[Date "2021.10.10"]
[Round "1.6"]
[White "Gasthofer, Alexander"]
[Black "Vinke, Andreas"]
[Result "1-0"]
[WhiteElo "2422"]
[BlackElo "2202"]
[PlyCount "129"]
[EventDate "2021.10.10"]
[EventType "team-tourn"]
[EventRounds "11"]
[EventCountry "GER"]
[SourceTitle "EXT 2023"]
[Source "ChessBase"]
[SourceDate "2022.10.05"]
[SourceVersion "1"]
[SourceVersionDate "2022.10.05"]
[SourceQuality "1"]
[WhiteTeam "Bad Mergentheim"]
[BlackTeam "Karlsruhe"]
[WhiteTeamCountry "GER"]
[BlackTeamCountry "GER"]

1. Nf3 c5 2. c4 g6 3. g3 Bg7 4. Bg2 Nc6 5. Nc3 e5 6. 0-0 Nge7 7. Ne1 0-0 8. Nc2 d6 9. a3 a5 10. Ne3 Be6 11. d3 Rb8 12. Rb1 h6 13. Bd2 Kh7 14. Ned5 Qd7 15. b4 axb4 16. axb4 cxb4 17. Nxb4 Nxb4 18. Rxb4 d5 19. cxd5 Nxd5 20. Nxd5 Bxd5 21. Bxd5 Qxd5 22. Qb3 Qxb3 23. Rxb3 Rfc8 24. Be3 Rc2 25. Ba7 Rd8 26. Rxb7 Rxe2 27. Rxf7 Kg8 28. Rb7 Rd2 29. Rc1 R2xd3 30. Rcc7 Bf8 31. h4 R3d6 32. Kg2 Re6 33. Be3 Rde8 34. Kf3 e4+ 35. Ke2 Ra6 36. Rh7 Ra2+ 37. Kf1 Rb2 38. Rbd7 Rb1+ 39. Kg2 Rd1 40. Rc7 h5 41. Bf4 Rdd8 42. Rb7 Re6 43. Bg5 Rde8 44. Rhd7 Rc6 45. Kh3 Rce6 46. g4 hxg4+ 47. Kxg4 Rc6 48. Be3 Rce6 49. Bg5 Rc6 50. Rh7 Rb6 51. Rbc7 Rc6 52. Rxc6 Kxh7 53. Kf4 Bb4 54. Ke3 Ba5 55. Ke2 Bb4 56. Bf6 Kg8 57. Bd4 Kh7 58. Rc7+ Kh6 59. Bf6 Ba5 60. Bg5+ Kh5 61. Rc5 Bb4 62. Rb5 Bf8 63. Rb7 Kg4 64. Rf7 Re6 65. Rxf8 1-0

[Event "Verbandsliga Nordbaden 1920"]
[Site "Baden"]
[Date "2021.07.04"]
[Round "8.1"]
[White "Vinke, Andreas"]
[Black "Gasthofer, Viktor"]
[Result "1/2-1/2"]
[WhiteElo "2202"]
[BlackElo "2305"]
[PlyCount "32"]
[EventDate "2019.09.29"]
[EventType "team-tourn"]
[EventRounds "9"]
[EventCountry "GER"]
[SourceTitle "EXT 2021"]
[Source "ChessBase"]
[SourceDate "2020.10.23"]
[SourceVersion "1"]
[SourceVersionDate "2020.10.23"]
[SourceQuality "1"]
[WhiteTeam "Karlsruhe II"]
[BlackTeam "Bad Mergentheim II"]
[WhiteTeamCountry "GER"]
[BlackTeamCountry "GER"]

1. c4 e6 2. g3 d5 3. Nf3 Nf6 4. Bg2 Be7 5. d4 0-0 6. 0-0 c6 7. Nbd2 b6 8. Qc2 Bb7 9. e4 Na6 10. e5 Nd7 11. b3 Rc8 12. Bb2 c5 13. Rad1 Qc7 14. Rfe1 Rfd8 15. Qb1 Nf8 16. h4 Qb8 1/2-1/2

[Event "Oberliga Baden 1314"]
[Site "Germany"]
[Date "2014.02.09"]
[Round "6.6"]
[White "Haussernot, Cecile"]
[Black "Vinke, Andreas"]
[Result "1-0"]
[WhiteElo "2031"]
[BlackElo "2215"]
[PlyCount "77"]
[EventDate "2013.10.13"]
[EventType "team-tourn"]
[EventRounds "9"]
[EventCountry "GER"]
[SourceTitle "EXT 2015"]
[Source "ChessBase"]
[SourceDate "2014.11.20"]
[SourceVersion "1"]
[SourceVersionDate "2014.11.20"]
[SourceQuality "1"]
[WhiteTeam "Baden-Baden III"]
[BlackTeam "Karlsruhe"]
[WhiteTeamCountry "GER"]
[BlackTeamCountry "GER"]

1. e4 e6 2. d4 d5 3. Nc3 Bb4 4. Nge2 dxe4 5. a3 Be7 6. Nxe4 Nd7 7. N2g3 Ngf6 8. Bd3 c5 9. c3 cxd4 10. cxd4 0-0 11. 0-0 Nb6 12. Be3 Nbd5 13. Qe2 b6 14. Rad1 Bb7 15. h3 Rc8 16. f4 Nxe3 17. Qxe3 Nxe4 18. Bxe4 Bxe4 19. Nxe4 Qd7 20. Rd2 Rfd8 21. Rfd1 h6 22. Rf1 Rc4 23. Rfd1 Qc6 24. Nc3 Bxa3 25. Ne4 Bb4 26. Rd3 Rc2 27. b3 a5 28. Nf2 f5 29. h4 Qd5 30. Qg3 Rdc8 31. Qg6 R2c3 32. Rxc3 Rxc3 33. Re1 Rxb3 34. Rxe6 a4 35. Re5 Qxd4 36. Qe6+ Kh8 37. Qc8+ Kh7 38. Qxf5+ g6 39. Qf7+ 1-0

[Event "Oberliga Baden 1112"]
[Site "Germany"]
[Date "2012.02.26"]
[Round "7.7"]
[White "Vinke, Andreas"]
[Black "Sandmeier, Toni"]
[Result "0-1"]
[WhiteElo "2218"]
[BlackElo "2230"]
[PlyCount "50"]
[EventDate "2011.10.02"]
[EventType "team-tourn"]
[EventRounds "9"]
[EventCountry "GER"]
[SourceTitle "EXT 2013"]
[Source "ChessBase"]
[SourceDate "2012.11.22"]
[SourceVersion "1"]
[SourceVersionDate "2012.11.22"]
[SourceQuality "1"]
[WhiteTeam "Karlsruhe"]
[BlackTeam "Eppingen II"]
[WhiteTeamCountry "GER"]
[BlackTeamCountry "GER"]

1. c4 e5 2. g3 f5 3. d4 e4 4. Nc3 Nf6 5. Bg2 Bb4 6. Bd2 Qe7 7. Nh3 0-0 8. 0-0 Kh8 9. a3 Bxc3 10. Bxc3 Nc6 11. d5 Ne5 12. Qd4 d6 13. f4 c5 14. dxc6 Nxc6 15. Qd2 Be6 16. b3 d5 17. Qb2 Rad8 18. cxd5 Nxd5 19. Nf2 Nxc3 20. Qxc3 Nd4 21. Rfe1 Qf6 22. Rac1 Rc8 23. Qe3 Nc2 24. Qxa7 Nxe1 25. Rxe1 Qc3 0-1

[Event "Alsace-Baden m"]
[Site "Gambsheim"]
[Date "2011.09.18"]
[Round "?"]
[White "Vinke, Andreas"]
[Black "Koskivirta, Jean Stefan"]
[Result "1-0"]
[WhiteElo "2213"]
[BlackElo "2114"]
[PlyCount "61"]
[EventDate "2011.09.18"]
[EventType "team-match"]
[EventRounds "1"]
[EventCountry "FRA"]
[SourceTitle "CBM 144 Extra"]
[Source "ChessBase"]
[SourceDate "2011.10.28"]
[SourceVersion "1"]
[SourceVersionDate "2011.10.28"]
[SourceQuality "1"]
[WhiteTeam "Baden"]
[BlackTeam "Alsace"]
[WhiteTeamCountry "GER"]
[BlackTeamCountry "FRA"]

1. c4 g6 2. g3 Bg7 3. Bg2 Nf6 4. Nc3 0-0 5. e4 d6 6. Nge2 c5 7. 0-0 Nc6 8. d3 Rb8 9. h3 a6 10. a4 Bd7 11. Be3 Ne8 12. d4 cxd4 13. Nxd4 Nxd4 14. Bxd4 e5 15. Ba7 Rc8 16. b3 Bc6 17. a5 Kh8 18. Qd3 f5 19. h4 Rf7 20. Bb6 Qe7 21. Rad1 Qf8 22. b4 fxe4 23. Bxe4 Bxe4 24. Nxe4 Rd7 25. f4 Qg8 26. fxe5 Bxe5 27. Bd4 Qg7 28. Bxe5 Qxe5 29. Ng5 Kg7 30. Rde1 Qb2 31. Ne6+ 1-0

[Event "Oberliga Baden 1011"]
[Site "Baden"]
[Date "2011.02.27"]
[Round "7.7"]
[White "Welz, Thomas"]
[Black "Vinke, Andreas"]
[Result "1/2-1/2"]
[WhiteElo "2226"]
[BlackElo "2221"]
[PlyCount "64"]
[EventDate "2010.10.10"]
[EventType "team-tourn"]
[EventRounds "9"]
[EventCountry "GER"]
[SourceTitle "EXT 2012"]
[Source "ChessBase"]
[SourceDate "2011.11.24"]
[SourceVersion "1"]
[SourceVersionDate "2011.11.24"]
[SourceQuality "1"]
[WhiteTeam "Eppingen II"]
[BlackTeam "Karlsruhe"]
[WhiteTeamCountry "GER"]
[BlackTeamCountry "GER"]

1. g3 d5 2. Bg2 e6 3. Nf3 c5 4. c4 Nf6 5. 0-0 Be7 6. cxd5 Nxd5 7. Nc3 Nc6 8. Nxd5 exd5 9. d4 c4 10. b3 cxb3 11. Qxb3 0-0 12. Bd2 b6 13. Rfc1 Bb7 14. a4 a5 15. e3 Bb4 16. Bc3 Qd6 17. Ne1 Bxc3 18. Rxc3 Nb4 19. Nc2 Ba6 20. Bf1 Bxf1 21. Rxf1 Rfc8 22. Rb1 Rxc3 23. Qxc3 Qg6 24. Rb2 Nd3 25. Rb5 Qf5 26. Qd2 Rc8 27. Rxb6 h5 28. Rb3 Nc1 29. Rb2 Nd3 30. Rb3 Nc1 31. Rb2 Nd3 32. Rb3 Nc1 1/2-1/2

[Event "Oberliga Baden 0910"]
[Site "Germany"]
[Date "2009.12.13"]
[Round "4.7"]
[White "Vinke, Andreas"]
[Black "Raps, Johannes"]
[Result "1-0"]
[WhiteElo "2221"]
[BlackElo "2181"]
[PlyCount "85"]
[EventDate "2009.10.18"]
[EventType "team-tourn"]
[EventRounds "9"]
[EventCountry "GER"]
[SourceTitle "EXT 2011"]
[Source "ChessBase"]
[SourceDate "2010.11.26"]
[SourceVersion "1"]
[SourceVersionDate "2010.11.26"]
[SourceQuality "1"]
[WhiteTeam "Karlsruhe"]
[BlackTeam "Bad Mergentheim"]
[WhiteTeamCountry "GER"]
[BlackTeamCountry "GER"]

1. c4 e5 2. Nc3 Nf6 3. g3 Bc5 4. Bg2 0-0 5. e3 Re8 6. Nge2 Nc6 7. 0-0 d6 8. d4 Bb6 9. h3 a6 10. a3 a5 11. b3 exd4 12. exd4 h6 13. Kh2 Bf5 14. Be3 Ne4 15. Nd5 Ba7 16. b4 Ne7 17. Ndc3 Nxc3 18. Nxc3 c6 19. b5 d5 20. bxc6 bxc6 21. cxd5 Nxd5 22. Nxd5 cxd5 23. Qa4 Rc8 24. Rac1 Rxc1 25. Rxc1 Bd7 26. Qb3 Be6 27. Rc6 Qd7 28. Qc3 Qd8 29. Ra6 Bb6 30. Qc6 Bc7 31. Ra7 Bd6 32. Rxa5 Qxa5 33. Qxe8+ Kh7 34. a4 h5 35. Qc6 Bb8 36. Qc2+ g6 37. h4 Ba7 38. Qc6 Kg7 39. Qe8 Qb4 40. Bxd5 Bxd5 41. Qe5+ Kg8 42. Qxd5 Qxa4 43. Qa8+ 1-0

[Event "Hoogeveen Unive op"]
[Site "Hoogeveen"]
[Date "2009.10.21"]
[Round "6"]
[White "Mellema, Andries"]
[Black "Vinke, Andreas"]
[Result "1/2-1/2"]
[WhiteElo "2125"]
[BlackElo "2232"]
[PlyCount "157"]
[EventDate "2009.10.16"]
[EventType "swiss"]
[EventRounds "9"]
[EventCountry "NED"]
[SourceTitle "CBM 132 Extra"]
[Source "ChessBase"]
[SourceDate "2009.11.03"]
[SourceVersion "1"]
[SourceVersionDate "2009.11.03"]
[SourceQuality "1"]

1. e4 e6 2. d4 d5 3. Nc3 Bb4 4. e5 Ne7 5. a3 Bxc3+ 6. bxc3 b6 7. Nf3 Ba6 8. Bxa6 Nxa6 9. 0-0 Qd7 10. a4 Nb8 11. Qd3 Nbc6 12. c4 dxc4 13. Qxc4 Na5 14. Qd3 c5 15. dxc5 Qxd3 16. cxd3 Nb3 17. Ra3 Nxc5 18. Be3 Nb7 19. Nd4 Nd5 20. Rb1 0-0 21. Kf1 Rfc8 22. Bd2 Rc5 23. Rb5 Rac8 24. Ke1 R5c7 25. Rb1 a6 26. Ke2 Kf8 27. g3 Ke8 28. Rb2 Kd7 29. Raa2 Nd8 30. Nc2 Nc6 31. f4 Nce7 32. Kf3 h5 33. Ne3 Rb8 34. Nc4 Nf5 35. Bb4 Rc6 36. Bd6 Rbc8 37. Ra1 Ke8 38. Rab1 b5 39. axb5 axb5 40. Rxb5 Nd4+ 41. Kg2 Nxb5 42. Rxb5 Ra8 43. Kh3 Rca6 44. Kh4 g6 45. Bc5 Kd7 46. Nd6 Kc6 47. d4 Ra2 48. h3 Rg2 49. Rb7 f6 50. Rg7 g5+ 51. fxg5 fxe5 52. Nc4 exd4 53. Bxd4 Kb5 54. Nd6+ Kc6 55. Nc4 Kb5 56. Nd6+ Kc6 57. Nf7 Ne7 58. Ne5+ Kd6 59. Nc4+ Kd5 60. Rxe7 Kxd4 61. Nb6 Ra6 62. Rxe6 Rb2 63. g6 Raxb6 64. Rxb6 Rxb6 65. Kxh5 Rb3 66. g4 Rxh3+ 67. Kg5 Rh8 68. g7 Ra8 69. Kf5 Ke3 70. g5 Kf3 71. g6 Kg3 72. Kg5 Kf3 73. Kf5 Kg3 74. Kg5 Kf3 75. Kh6 Kg4 76. Kh7 Kg5 77. g8Q Rxg8 78. g7 Rxg7+ 79. Kxg7 1/2-1/2

[Event "Hoogeveen Unive op"]
[Site "Hoogeveen"]
[Date "2009.10.20"]
[Round "5"]
[White "Vinke, Andreas"]
[Black "Bezemer, Arno J"]
[Result "0-1"]
[WhiteElo "2232"]
[BlackElo "2364"]
[PlyCount "50"]
[EventDate "2009.10.16"]
[EventType "swiss"]
[EventRounds "9"]
[EventCountry "NED"]
[SourceTitle "CBM 132 Extra"]
[Source "ChessBase"]
[SourceDate "2009.11.03"]
[SourceVersion "1"]
[SourceVersionDate "2009.11.03"]
[SourceQuality "1"]

1. c4 Nf6 2. Nf3 g6 3. g3 Bg7 4. Nc3 0-0 5. Bg2 d6 6. 0-0 Nc6 7. Rb1 a5 8. a3 e5 9. d3 h6 10. b4 axb4 11. axb4 Be6 12. b5 Ne7 13. Bb2 Qd7 14. Re1 Bh3 15. Bh1 Ng4 16. Qb3 Kh8 17. Ra1 Rab8 18. Nd5 f5 19. Ra7 f4 20. Rc1 g5 21. Qa4 Nc8 22. Ra8 Rxa8 23. Qxa8 c6 24. bxc6 bxc6 25. Nc3 Na7 0-1

[Event "Oberliga Baden 0809"]
[Site "Germany"]
[Date "2009.02.01"]
[Round "6.8"]
[White "Vinke, Andreas"]
[Black "Striebich, Rudolf"]
[Result "1-0"]
[WhiteElo "2207"]
[BlackElo "2207"]
[PlyCount "99"]
[EventDate "2008.10.05"]
[EventType "team-tourn"]
[EventRounds "9"]
[EventCountry "GER"]
[SourceTitle "EXT 2010"]
[Source "ChessBase"]
[SourceDate "2010.11.25"]
[SourceVersion "1"]
[SourceVersionDate "2010.11.25"]
[SourceQuality "1"]
[WhiteTeam "Karlsruhe"]
[BlackTeam "Eppingen II"]
[WhiteTeamCountry "GER"]
[BlackTeamCountry "GER"]

1. c4 Nf6 2. Nf3 g6 3. g3 Bg7 4. Bg2 0-0 5. Nc3 c5 6. 0-0 d6 7. Rb1 Nc6 8. a3 Bf5 9. d3 Qc8 10. Re1 Bh3 11. Bh1 h6 12. b4 cxb4 13. axb4 Ng4 14. Nd5 Re8 15. Nf4 Nf6 16. Nxh3 Qxh3 17. Bg2 Qd7 18. b5 Nd8 19. Bb2 e5 20. e3 Qc7 21. Nd2 Ne6 22. Qc2 Qb6 23. Bc3 Qc7 24. Ra1 h5 25. Ra2 h4 26. Rea1 hxg3 27. hxg3 Ng5 28. Rxa7 Rab8 29. Nf3 Ne6 30. Qb2 Nh5 31. R7a2 Nc5 32. Qc2 Rbc8 33. Nd2 Qe7 34. Ra7 Rb8 35. Ne4 Ne6 36. Bb4 Red8 37. Nxd6 Rxd6 38. Bxd6 Qxd6 39. Rxb7 Rxb7 40. Bxb7 Nf6 41. Ra6 Qb4 42. Bg2 e4 43. d4 Nh5 44. Ra1 Nxd4 45. exd4 Bxd4 46. Rd1 Bc5 47. Qxe4 Qb2 48. Qf3 Ng7 49. Rd8+ Kh7 50. Qxf7 1-0